Podniky potravinárskeho priemyslu v období vstupu Slovenska do Európskej únie dizertačná práca

Guardado en:
Detalles Bibliográficos
Autor principal: Bosáková, Zuzana
Autor Corporativo: Ekonomická univerzita v Bratislave. Podnikovohospodárska fakulta so sídlom v Košiciach
Otros Autores: Daňková, Alena
Formato: Libro
Lenguaje:eslovaco
Publicado: Košice 2004
Materias:
Etiquetas: Agregar Etiqueta
Sin Etiquetas, Sea el primero en etiquetar este registro!

MARC

LEADER 00000nam$a2200000$$$4500
001 0040411
005 20240104093402.4
041 0 |a slo 
044 |a SK 
245 1 0 |a Podniky potravinárskeho priemyslu v období vstupu Slovenska do Európskej únie  |b dizertačná práca  |c Zuzana Bosáková ; školiteľ: Alena Daňková 
264 1 |a Košice  |c 2004 
300 |a 177 s. 
610 2 0 |a potravinárstvo 
610 2 0 |a priemysel 
610 2 0 |a konkurencieschopnosť 
610 2 0 |a segmentácia trhu 
610 2 0 |a Slovensko 
610 2 0 |a Európska únia 
100 1 |a Bosáková, Zuzana 
700 1 |a Daňková, Alena 
710 2 |a Ekonomická univerzita v Bratislave. Podnikovohospodárska fakulta so sídlom v Košiciach